Loading...
Other - Pop Culture | 0 | 3 | 0 | 0 | 30 | 78 | 90.67 | 0 | 3 |
Literature - World Lit | 1 | 1 | 0 | 0 | 25 | 53 | 85.00 | 2 | 2 |
Literature - American Lit | 0 | 2 | 0 | 0 | 20 | 108 | 121.00 | 1 | 2 |
Literature - British Lit | 0 | 2 | 0 | 1 | 20 | 140 | 149.00 | 0 | 2 |
History - World History | 0 | 2 | 0 | 0 | 20 | 110 | 111.50 | 1 | 2 |
Arts - Music | 0 | 2 | 1 | 1 | 15 | 111 | 120.50 | 0 | 2 |
History - Other History | 0 | 1 | 0 | 0 | 10 | 106 | 106.00 | 0 | 1 |
Arts - Other Arts | 0 | 1 | 0 | 0 | 10 | 117 | 117.00 | 0 | 1 |
Science - Physics | 0 | 1 | 0 | 0 | 10 | 119 | 119.00 | 0 | 1 |
Science - Biology | 0 | 0 | 0 | 0 | 0 | 0.00 | 0 | 0 | |
History - American History | 0 | 0 | 1 | 0 | -5 | 0.00 | 0 | 0 |